| 000 | 00727nam a2200253 a 4500 | ||
|---|---|---|---|
| 001 | 26416 | ||
| 003 | CO-ViMGA | ||
| 005 | 20230915223422.0 | ||
| 008 | 141112s2004 ck r 000 u spa d | ||
| 020 | _a9786071602596 | ||
| 035 | _aAHJ5308 LA | ||
| 040 |
_aCO-ViMGA _bspa _cCO-ViMGA |
||
| 041 | _aspa | ||
| 043 | _as - ag - - - | ||
| 090 | _aC ISOi | ||
| 100 | 1 |
_aIsol. _93590 |
|
| 245 | 1 | 0 |
_aIntercambio cultural / _ctexto e ilustraciones de Isol. |
| 260 |
_aMéxico : _bFondo de Cultura económica, _c2000. |
||
| 300 | _a31 p. : il. ; 19 cm. | ||
| 490 | 0 | _aA la orilla del viento. Para los que están aprendiendo a leer ; 136 | |
| 650 | 1 | 4 | _aCuentos infantiles argentinos. |
| 942 |
_2ddc _cBK |
||
| 949 | _an n | ||
| 999 |
_c9958 _d9958 |
||